| 000 | 00553nam a2200193 a 4500 | ||
|---|---|---|---|
| 001 | 000031983 | ||
| 003 | OSt | ||
| 005 | 20260321073642.0 | ||
| 008 | 110707s2006 dr ac 000 0 spa d | ||
| 020 | _a9945857800 | ||
| 040 |
_aDO-SdBNP _bspa _cBNPHU |
||
| 049 | _aBNPD | ||
| 100 | 1 |
_a Bosch, Juan, _d1909-2001 _976555 |
|
| 245 | 1 | 0 | _aPalabra de Bosch. |
| 260 |
_aSanto Domingo : _bFundación Juan Bosch, _c2006. |
||
| 300 |
_a17 p. : _bil., retrs., cd rom ; _c20 cm. |
||
| 505 | 0 |
_gCuentos _tLuis Pie -- _tLos amos -- _tEn un bohio -- |
|
| 942 |
_2ddc _cLBS1 |
||
| 999 |
_c31474 _d31474 |
||